The Umbral Calculus /

שמור ב:
מידע ביבליוגרפי
מחבר ראשי: Roman, Steven M.
מחברים אחרים: Rota, Gian-carlo
פורמט: Sách giấy
שפה:English
יצא לאור: California : The University of California , 1975
תגים: הוספת תג
אין תגיות, היה/י הראשונ/ה לתייג את הרשומה!
Thư viện lưu trữ: Thư viện Trường Đại học Đà Lạt
LEADER 00612nam a2200253 4500
001 DLU020011515
005 ##1/14/2000
041 # # |a eng 
082 # # |a 515  |b RO-S 
090 # # |a 515  |b RO-S 
100 # # |a Roman, Steven M. 
245 # # |a The Umbral Calculus /  |c Roman Steven M., Rota Gian-Carlo 
260 # # |a California :  |b The University of California ,  |c 1975 
300 # # |a 220 tr.;   |c 28 cm. 
700 # # |a Rota, Gian-carlo 
992 # # |a 4000 
994 # # |a DLU 
900 # # |a False 
911 # # |a Administrator 
925 # # |a G 
926 # # |a A 
927 # # |a SH 
980 # # |a Thư viện Trường Đại học Đà Lạt